000 00400nam a2200157Ia 4500
008 210716s2003 xx 000 0 und d
020 _a8126503564
041 _aeng
082 _a005.43 MICR
100 _aMichael, Randal K.
245 _aMastering unix linux solaris shell scripting.
250 _a1
260 _aNew Delhi
_bWiley Publishing Inc.
_c2003
300 _axvi,679
650 _aUnix
999 _c187751
_d187751